| 000 | 01069nam a22002537a 4500 | ||
|---|---|---|---|
| 001 | 161 | ||
| 003 | BD-RjUL | ||
| 005 | 20211208233125.0 | ||
| 008 | 131109m19652012ii |||| 00| 1 ben d | ||
| 020 | _a9788129515056 | ||
| 035 | _a(BD-RjUL)174 | ||
| 040 |
_aBD-RjUL _bben _cBD-RjUL |
||
| 041 | _aben | ||
| 082 | 0 | 4 |
_223 _a891.4409 _bMUB 2012 |
| 100 | 1 |
_aমুখোপাধ্যায়, অরুণকুমার. _9517 |
|
| 245 | 1 | 0 |
_aবাংলা সমালোচনার ইতিহাস / _cঅরুণকুমার মুখোপাধ্যায়. |
| 250 | _a৩য় সংস্করণ. | ||
| 260 |
_aকলকাতা : _bদে'জ পাবলিশিং, _c২০১২. |
||
| 300 |
_a৫২৮ পৃ. ; _c২১ সেমি. |
||
| 504 | _aনির্দেশিকা সংযুক্ত। | ||
| 650 | 0 |
_aBengali Literature _9518 _vHistory and Criticism _y1851-2000 |
|
| 650 | 0 |
_aবাংলা সাহিত্য _vইতিহাস ও সমালোচনা _y১৮৫১-২০০০ _978921 |
|
| 942 |
_2ddc _cBK |
||
| 999 |
_c161 _d161 |
||